Quan niệm nghệ thuật về con người trong truyện ngắn Nguyễn Công Hoan

Quan niệm nghệ thuật về con người trong truyện ngắn Nguyễn Công Hoan. Những đặc sắc của ngòi bút Nguyễn Công Hoan trong phương thức thể hiện quan niệm nghệ thuật về con người

Đã lưu trong:
Sonraí Bibleagrafaíochta
Príomhúdar: Nguyễn, Thị Tố Uyên
Údair Eile: Đinh Lựu TS (Hướng dẫn)
Formáid: Leabhar
Teanga:Vietnamese
Foilsithe: Đại học Đà Nẵng Trường Đại học Sư Phạm 2008
Sraith:Khóa luận tốt nghiệp Đại học. Chuyên ngành: Sư phạm ngữ văn
Ábhair:
Clibeanna: Cuir Clib Leis
Gan Chlibeanna, Bí ar an gcéad duine leis an taifead seo a chlibeáil!
Thư viện lưu trữ: Mạng thư viện Đại học Đà Nẵng
LEADER 01621nam a2200373 4500
001 000011569
003 7822
005 20120207090258.0
008 120207s2008 viesd
041 |a vie 
072 |a Khóa luận tốt nghiệp 
082 |a 895.9223  |b NG-U 
100 |a Nguyễn, Thị Tố Uyên 
245 |a Quan niệm nghệ thuật về con người trong truyện ngắn Nguyễn Công Hoan  |c Nguyễn, Thị Tố Uyên 
260 |a Đại học Đà Nẵng  |b Trường Đại học Sư Phạm  |c 2008 
300 |a 71 tr.  |b Tóm tăt, CD, Phụ lục  |c 29 cm 
490 |a Khóa luận tốt nghiệp Đại học. Chuyên ngành: Sư phạm ngữ văn 
500 |a Tham khảo phụ lục trang 71 
520 |a Quan niệm nghệ thuật về con người trong truyện ngắn Nguyễn Công Hoan. Những đặc sắc của ngòi bút Nguyễn Công Hoan trong phương thức thể hiện quan niệm nghệ thuật về con người 
653 |a nghệ thuật 
653 |a Nguyễn Công Hoan 
653 |a Khoa ngữ văn 
653 |a con người 
700 |a Đinh Lựu  |c TS  |e Hướng dẫn 
OWN |a LSP 
AVA |a UDN50  |b LSP  |d 895.9223 NG-U  |e available  |t Error 5001 Not defined in file expand_doc_bib_avail.  |f 1  |g 0  |h N  |i 0  |k 1 
999 |a From the UDN01 
AVA |a UDN50  |b LSP  |d 895.9223 NG-U  |e available  |t Error 5001 Not defined in file expand_doc_bib_avail.  |f 1  |g 0  |h N  |i 0  |k 1 
TYP |a Monograph 
TYP |a Printed language 
980 |a Mạng thư viện Đại học Đà Nẵng